00351pab a2200133 454500008004000000100002100040245004900061260000900110300001400119362001000133650002300143650001700166773003400183180718b1997 xxu||||| |||| 00| 0 eng d aNavlakha, Gautam aInternal militarisation: blood on the tracks c1997 ap.299-306 a8 Feb aCivil disturbances aArmed forces aEconomic and Political Weekly